000
00197nam a22000857a 4500
008
161207b xxu||||| |||| 00| 0 eng d
100
_9
1879
_a
Jun
245
_a
Hindi Story Book
260
_a
New Delhi
_c
2006
999
_c
4629
_d
4629